| 000 | 01364cam a22003374a 4500 | ||
|---|---|---|---|
| 999 |
_c60434 _d60434 |
||
| 001 | 14316803 | ||
| 005 | 20230717135655.0 | ||
| 008 | 060327s2007 dcu d 000 0 eng | ||
| 010 | _a 2006010293 | ||
| 020 | _a9781591473800X | ||
| 020 | _a1591473802X | ||
| 040 |
_aDLC _cDLC _dDLC |
||
| 042 | _apcc | ||
| 050 | 0 | 0 |
_aBF31 _b.A65 2007 |
| 080 | _a159(038) A-66 | ||
| 245 | 0 | 0 |
_aAPA dictionary of psychology / _cGary R. VandenBos, editor in chief. |
| 246 | 3 | _aA.P.A. dictionary of psychology | |
| 246 | 3 | 0 | _aDictionary of psychology |
| 250 | _a1st ed. | ||
| 264 |
_aWashington, DC : _bAmerican Psychological Association, _cc2007. |
||
| 300 |
_axvi, 1024 p. ; _c26 cm. |
||
| 500 | _aAppendixes: Biographical entries; Institutional and organizational entries; Psychological test and assesment instrument entries; Psychotherapy and psychotherapeutic approach entries. | ||
| 650 | 0 |
_aPsychology _vDictionaries. _919382 |
|
| 653 | _aფსიქოლოგიის ლექსიკონი | ||
| 700 | 1 |
_aVandenBos, Gary R. _919383 |
|
| 700 | 1 |
_aმთავარი რედაქტორი _919385 |
|
| 710 | 2 |
_aAmerican Psychological Association. _919384 |
|
| 906 |
_a7 _bcbc _corignew _d1 _eecip _f20 _gy-gencatlg |
||
| 942 |
_2udc _cBK |
||
| 955 |
_ash20 2006-03-27 _csh20 2006-03-27 _aaa17 2006-03-30 _aps02 2006-11-08 1 copy rec'd., to CIP ver.; |
||